Energía de deformación en paredes esbeltas de mampostería inconfinada con carga lateral

Gespeichert in:
Bibliographische Detailangaben
1. Verfasser: Vargas Contreras, Iván Javier
Format: Buch
Sprache:Undetermined
Veröffentlicht: San José, C.R. 2000
Schlagworte:
Tags: Tag hinzufügen
Keine Tags, Fügen Sie den ersten Tag hinzu!

MARC

LEADER 00000nam a2200000Ia 4500
003 010177
005 20221231144208.0
008 140114s9999 xx 000 0 und d
040 |c cru CEDI 
090 |a TFG 4166 
100 |a Vargas Contreras, Iván Javier  |9 8141 
245 |a Energía de deformación en paredes esbeltas de mampostería inconfinada con carga lateral  
260 |c 2000  |a  San José, C.R. 
300 |a  68 hojas : ilustraciones  
500 |a  Tesis (licenciatura en ingeniería civil)--Universidad de Costa Rica. Facultad de Ingeniería. Escuela de Ingeniería Civil 
650 |x MAMPOSTERIA   |x MUROS   |x DISEÑO Y CONSTRUCCION   |x DISEÑO DE ESTRUCTURAS  |9 2765 
942 |c TFG 
999 |c 18269  |d 18269